Catalog

Record Details

Catalog Search



Record details

  • Physical Description: 44 stran
  • Edition: 3. vyd.
  • Publisher: Praha : Pastorační středisko při Arcibiskupství pražském, 2000
Subject: duchovní růst
poznání Boha
spiritualita
víra
vnitřní misie

Available copies

  • 1 of 1 copy available at Common Catalog SPOK.

Holds

  • 0 current holds with 1 total copy.
Show Only Available Copies
Location Call Number / Copy Notes Barcode Shelving Location Status Due Date
Hospic Dobrého Pastýře PA
Tematická katagorie: Odborná - paliativní péče (PA)
204595701797 Skříň ve 2. patře (SKŘ) Available -

LDR 01157cam a22003377a 4500
00130080
003CZ-PrJAB
00520180227133242.0
007ta
008010423s2000 xr |||||r|||||||||||cze|d
035 . ‡a(CZ PrCU)000126511
040 . ‡aABD027 ‡bcze ‡cABD027 ‡dABD027 ‡dABD064
080 . ‡a234.2 ‡2s
1001 . ‡aOpatrný, Aleš, ‡d1944- ‡7jn19990218079 ‡4aut
24510. ‡aCesty k víře / ‡cAleš Opatrný
250 . ‡a3. vyd.
260 . ‡aPraha : ‡bPastorační středisko při Arcibiskupství pražském, ‡c2000
300 . ‡a44 stran
4901 . ‡aZákladní otázky víry ; ‡vsvazek 2
65007. ‡aduchovní růst ‡2ctt
65007. ‡apoznání Boha ‡2ctt
65007. ‡aspiritualita ‡7ph116237 ‡2czenas
65007. ‡avíra ‡2ctt
65004. ‡avnitřní misie
7102 . ‡aKatolická církev. ‡bArcibiskupství pražské. ‡bPastorační středisko ‡7ko2002148810
830 0. ‡aZákladní otázky víry
910 . ‡aBNE702
901 . ‡a30080 ‡b ‡c30080 ‡tbiblio

Additional Resources